000 01964nam a2200385 i 4500
001 768714001
003 CO-MdFUSB
005 20250819155117.0
007 cr aa aaaaa
008 250708t2016 sp |||| |||| 00| 0 spa d
020 _a9788494462603
_qelectrónico
040 _aCO-MdFUSB
_bspa
_cCO-MdFUSB
_dCO-MdFUSBC
_erda
041 _aeng
082 _223
_a225.6
100 _aMarshall, I. Howard
_eautor
245 _aTeología del Nuevo Testamento
_c/ Howard I. Marshall
_h[electrónico]
264 1 _bClie,
_aBarcelona, España :
_c[2016]
264 4 _c©2016
300 _a100 páginas
_c;
336 _2rdacontent
_atexto
_btxt
337 _2rdamedia
_ainformático
_bc
338 _2rdacarrier
_aremoto
_bcr
347 _2rda
_afichero de texto
_bPDF
490 _aColección Teología Contemporánea. Estudios teológicos
505 _gPrimera parte:
_tIntroducción
_a¿Cómo hacemos teología del Nuevo Testamento?
_gSegunda parte:
_tJesús, los Evangelios Sinópticos y Hechos.
_aLos Evangelios y la teología del Nuevo Testamento. -- El Evangelio de Marcos. -- El Evangelio de Mateo. -- Lucas-Hechos: el Tratado Antiguo. -- Lucas-Hechos: la secuela. -- La teología de los Evangelios Sinópticos y Hechos
_gTercera parte:
_tLas Cartas Paulinas
_gCuarta Parte:
_tla Literatura Juanina
_gQuinta Parte: Hebreos, Santiago, 1 y 2 Pedro y Judas.
_gSexta Parte:
_tConclusión
506 _aSolicitar clave y usuario para acceder al libro electrónico.
506 _aLibro multiusuario.
630 0 7 _aBiblia.
_pNuevo Testamento
_xCrítica, interpretación, etc.
653 _aTeología bíblica — Nuevo Testamento
653 _aJesús en los Evangelios
856 _d1681937
_uhttp://search.ebscohost.com/login.aspx?direct=true&scope=site&db=nlebk&db=nlabk&AN=1681937
_zAbrir Versión electrónica del libro Teología del Nuevo Testamento
942 _cBK
945 _aJTF-925
999 _c71374
_d71374